特急「ちちぶ / むさし」の停車駅 - Statistics

General Stats
  • This quiz has been taken 126 times
  • The average score is 5 of 6
Answer Stats
特急 停車駅 % Correct
ちちぶ 西武秩父
100%
両方 池袋
98%
両方 所沢
97%
両方 飯能
94%
両方 入間市
83%
ちちぶ 横瀬
74%
No matching quizzes found
Score Distribution
Percent of People with Each Score
Percentile by Number Answered
Your Score History
You have not taken this quiz